| 000 | 00486nam a2200193 a 4500 | ||
|---|---|---|---|
| 001 | BRCA_7183 | ||
| 005 | 20190320205737.0 | ||
| 008 | 130112s1850----fr-#######---#000-0#ger-# | ||
| 041 | _ager | ||
| 044 | _agw | ||
| 050 | 4 |
_aPT2611 .L47 _b.H55 |
|
| 100 | 1 |
_aFlemes, Bernhard _d1875-1940 _916273 |
|
| 245 | 1 | 0 |
_aHinter dem Pflaster _cBernhard Flemes. |
| 260 |
_aHannover, Alemania _bA. Sponholtz _c[1850] |
||
| 300 |
_a204 p. _c18 cm. |
||
| 500 | _aP73 | ||
| 902 | _aGFM | ||
| 942 |
_2lcc _cB |
||
| 999 |
_c6864 _d6864 |
||